000 00537nam a22002057a 4500
003 OSt
005 20140310183018.0
008 130212t xxu||||| |||| 00| 0 eng d
020 _a9789380540313
050 _aRA 793.5
_b.Si617 2010
245 _aMedical tourism /
_cSingh, Mahesh Chandra
260 _aNew Delhi :
_bCentrum Press,
_c2010.
300 _a336 p. :
_c21.5 cm.
521 _aTOU
650 _aMedical tourism
650 _a 2. Medical tourism--India
942 _2lcc
_cBK
_kFOR
999 _c18339
_d18339